| 000 | 00375nam a2200133Ia 4500 | ||
|---|---|---|---|
| 008 | 240624s9999 xx 000 0 und d | ||
| 041 | _aeng | ||
| 082 | _a658 SIM | ||
| 100 | _aSIMON PHIL | ||
| 245 | _aAGE OF THE PLATFORM HOW AMAZON APPLE FAC | ||
| 260 |
_c2013 _afacebook, and google have redefined businessHenderson _bMotion |
||
| 300 | _a282 : p. : cm. ; 22 | ||
| 365 | _cRS | ||
| 999 |
_c27994 _d27994 |
||